| 000 | 00506nam a22002057a 4500 | ||
|---|---|---|---|
| 003 | LK-CoMWRAF | ||
| 005 | 20231028060742.0 | ||
| 008 | 231028b |||||||| |||| 00| 0 eng d | ||
| 020 | _a9789559809807 | ||
| 040 |
_aLK-CoMWRAF _dLK-CoMWRAF _eLK-CoMWRAF |
||
| 041 | _aeng | ||
| 082 |
_a821 _bGAM |
||
| 100 | _aGamage, Shashini Ruwanthi | ||
| 245 | _aA Dream come true | ||
| 260 | _c2003 | ||
| 300 | _a46p. ; 21cm | ||
| 650 | _aEnglish poetry | ||
| 650 | _aSri Lankan poetry ( English ) | ||
| 942 | _cBK | ||
| 999 |
_c4028 _d4028 |
||